| 000 | 00505nam a22001817a 4500 | ||
|---|---|---|---|
| 005 | 20251108171201.0 | ||
| 008 | 250721s1994 xx 000 0 ara d | ||
| 082 | 1 | 4 | _a210.425/عاد |
| 100 | 1 | _aصادق، عادل | |
| 245 | 1 | 0 | _aروعة الزواج / |
| 264 | 1 |
_aالقاهرة : _bدار الحرية للصحافة والطباعة والنشر، _c1994. |
|
| 300 | _a2ج | ||
| 650 | 1 | 7 | _aالزواج |
| 650 | 1 | 7 | _aالجنس |
| 650 | 1 | 7 | _aالطلاق |
| 942 |
_2ddc _cBK |
||
| 999 |
_c58757 _d58757 |
||